000 00697nam a2200217Ia 4500
003 IN-BaIIA
008 211028s9999 xx 000 0 eng d
020 _a0-7923-5146-0
040 _cIIA Library
080 _a524.882
_bFRO
100 _aFrolov, Valeri P
_923097
245 0 _aBlack hole physics
_bbasic concepts and new developments
_cValeri P. Frolov and Igor D. Novikov
260 _aDordrecht
_bKluwer Academic
_c1998
300 _axxi, 770p.
490 _aFundamental theories of physics; v. 96
650 _aAccretion discs
_923098
650 _aBlack holes
_97728
650 _aCosmology
700 _aNovikov, Igor D
_923099
942 _cBK
999 _c13112
_d13112